01259nam a2200253 a 450000100100000000500170001000800410002704000260006810000360009424501280013026000720025830000210033049000910035149000250044250400730046750400320054050000740057270000480064671000610069483000960075583000320085195201050088399900170098800004326720250909091242.0140303s2010 sp 000 0 spa d aDO-SdBNPbspiacBNPHU1 aLizcano Pellón, Manuel97088210aManuel Lizcano Pellón /cManuel Lizcano Pellón ; edición, elección e introducción Emmánuel Lizcano Fernández. aMadrid :bAgencia Española de Cooperación Internacional,c2010. a261 p. ;c24 cm.1 aAntología del pensamiento político, social y económico de América latina ;v141 aCiencias y humanismo aIncluye referencias bibliográficas y notas al pie de las páginas aBibliografía : p.253 -261 aIncluye datos biográficos de los editor en al solapa de la cubierta1 aLizcano Fernández, Emmánueleed.9708832 aAgencia Española de Cooperación Internacional934585 0aAntología del pensamiento político, social y económico de América Latinav14970880 0aCiencias y humanismo970218 001050718MOaGRbGRcCTd2014-03-03iLF1l0o p43267-10r2020-06-25w2020-06-25y1ZNo se presta c42756d42756